ਪੰਜਾਬੀ ਵਿਯਾਕਰਣ ਅਤੇ ਭਾਸ਼ਾ ਵਿਗਿਆਾਨ : (Record no. 110834)

MARC details
000 -LEADER
fixed length control field 01146nam a22002417a 4500
010 ## - LIBRARY OF CONGRESS CONTROL NUMBER
LC control number B-082433
020 ## - INTERNATIONAL STANDARD BOOK NUMBER
Terms of availability 200.00
035 ## - SYSTEM CONTROL NUMBER
System control number B-082433
037 ## - SOURCE OF ACQUISITION
Stock number Cen Lib / Ret
040 ## - CATALOGING SOURCE
Original cataloging agency DPL
Language of cataloging PN
082 ## - DEWEY DECIMAL CLASSIFICATION NUMBER
Edition number 455
Classification number ਚੀਮਾਬ
100 ## - MAIN ENTRY--PERSONAL NAME
Personal name ਚੀਮਾ, ਬਲਦੇਵ ਸਿੰਘ
9 (RLIN) 131883
245 ## - TITLE STATEMENT
Title ਪੰਜਾਬੀ ਵਿਯਾਕਰਣ ਅਤੇ ਭਾਸ਼ਾ ਵਿਗਿਆਾਨ :
Remainder of title ਤਕਨੀਕੀ ਸ਼ਬਦਾਵਲੀ ਦਾ ਵਿਸ਼ਾ-ਕੋਸ਼ /
Statement of responsibility, etc ਬਲਦੇਵ ਸਿੰਘ ਚੀਮਾ
246 ## - VARYING FORM OF TITLE
Title proper/short title Punjabi vivakaran ate bhasha vigyan : takniki shabdavali da visha-kosh /
Remainder of title by Baldev Singh Cheema
260 ## - PUBLICATION, DISTRIBUTION, ETC. (IMPRINT)
Place of publication, distribution, etc ਪਟਿਆਲਾ
Name of publisher, distributor, etc ਪੰਜਾਬੀ ਯੂਨੀਵਰਸਿਟੀ
Date of publication, distribution, etc 2000
270 ## - ADDRESS
Address ਪੰਜਾਬੀ ਯੂਨੀਵਰਸਿਟੀ
City ਪਟਿਆਲਾ
300 ## - PHYSICAL DESCRIPTION
Extent 250p ;
Other physical details 24cm
650 ## - SUBJECT ADDED ENTRY--TOPICAL TERM
Topical term or geographic name as entry element Panjabi language -- Grammar.
9 (RLIN) 131884
650 ## - SUBJECT ADDED ENTRY--TOPICAL TERM
Topical term or geographic name as entry element ਪੰਜਾਬੀ ਭਾਸ਼ਾ - ਵਿਆਕਰਣ.
9 (RLIN) 131885
650 ## - SUBJECT ADDED ENTRY--TOPICAL TERM
Topical term or geographic name as entry element Punjabi language
9 (RLIN) 3263
650 ## - SUBJECT ADDED ENTRY--TOPICAL TERM
Topical term or geographic name as entry element ਪੰਜਾਬੀ ਭਾਸ਼ਾ
9 (RLIN) 131886
942 ## - ADDED ENTRY ELEMENTS (KOHA)
Source of classification or shelving scheme Dewey Decimal Classification
Koha item type Punjabi Bks
Classification part 455
Call number suffix ਚੀਮਾਬ
Holdings
Withdrawn status Lost status Damaged status Not for loan Home library Current library Date acquired Source of acquisition Cost, normal purchase price Total Checkouts Full call number Barcode Date last seen Date checked out Copy number Cost, replacement price Price effective from Koha item type Source of classification or shelving scheme
        Central Library Central Library 09/02/2016 Cen Lib/Ret 200.00 1 455 ਚੀਮਾਬ B-082433 26/02/2019 19/02/2019 1 200.00 09/02/2016 Punjabi Bks  
        Patel Nagar Patel Nagar 06/03/2019   200.00   455 ਚੀਮਾਬ B-082434 06/03/2019     200.00 06/03/2019 Punjabi Bks Dewey Decimal Classification

© Delhi Public Library
Hit Counter
free hit counter